LEADER 01180nam--2200373---450- 001 990006098460203316 005 20160201121437.0 035 $a000609846 035 $aUSA01000609846 035 $a(ALEPH)000609846USA01 035 $a000609846 100 $a20071108d1946----km-y0itay50------ba 101 $aita 102 $aIT 105 $a||||||||001yy 200 1 $aAntologia delle letterature straniere$fMario Praz, Ettore Lo Gatto 210 $aFirenze$cSansoni$dstampa 1946- 215 $avolumi$d21 cm 327 1 $aVolume 1. - stampa 1948. - VIII, 454 p.$aVolume 2. - 1953. - 448-1126 p. 606 0 $aLetteratura$xAntologie 676 $a808.8 700 1$aPRAZ,$bMario$011364 701 1$aLO GATTO,$bEttore$05182 801 0$aIT$bsalbc$gISBD 912 $a990006098460203316 951 $aXV.9.M. 1845 1$b3751 MAR$cXV.9.M.$d386943 951 $aXV.9.M. 1845 2$b3754 MAR$cXV.9.M.$d379595 959 $aBK 969 $aMAR 979 $aALESSANDRA$b90$c20151112$lUSA01$h1139 979 $aALESSANDRA$b90$c20151112$lUSA01$h1141 979 $aIANNONE$b90$c20160201$lUSA01$h1214 996 $aAntologia delle letterature straniere$9105403 997 $aUNISA LEADER 01448nam--2200397---450- 001 990003529720203316 005 20110913175030.0 010 $a88-14-13950-4 035 $a000352972 035 $aUSA01000352972 035 $a(ALEPH)000352972USA01 035 $a000352972 100 $a20110517d209-----km-y0itay50------ba 101 $aita 102 $aIT 105 $a||||||||001yy 200 1 $a<>autorità europea per la sicurezza alimentare$egenesi, aspetti problematici e prospettive di riforma$fSimone Gabbi 210 $aMilano$cGiuffrè$d209 215 $aIV, 375 p.$d24 cm 300 $aIn testa al frontespizio: Accademia dei giusprivatisti europei, Pavia = Académie des privatistes européens = Academy of European private lawyers = Akademie europäischer privatrechtswissenschaftler = Academia de iusprivatistas europeos. 410 0$12001 454 1$12001 461 1$1001-------$12001 606 0 $aAutorità europea per la sicurezza alimentare$2BNCF 676 $a344.404232 700 1$aGABBI,$bSimone$0609963 801 0$aIT$bsalbc$gISBD 912 $a990003529720203316 951 $aXXIII.4.E. 110$b63939 G.$cXXIII.4.E.$d00296542 959 $aBK 969 $aGIU 979 $aFIORELLA$b90$c20110517$lUSA01$h1228 979 $aFIORELLA$b90$c20110517$lUSA01$h1229 979 $aANDRIA$b90$c20110913$lUSA01$h1750 996 $aAutorità europea per la sicurezza alimentare$91113127 997 $aUNISA LEADER 02155nas 2200673-a 450 001 996210658803316 005 20230801213017.0 011 $a1872-6909 035 $a(DE-599)ZDB2002835-0 035 $a(OCoLC)38871477 035 $a(CKB)954926228400 035 $a(CONSER)--2005233265 035 $a(EXLCZ)99954926228400 100 $a19980331a19799999 s-- a 101 0 $aeng 135 $aurmnu|||||||| 181 $ctxt$2rdacontent 182 $cc$2rdamedia 183 $acr$2rdacarrier 200 10$aDesign studies 210 $a[Guildford, Surrey, England] $cIPC Business Press$d©1979- 300 $aRefereed/Peer-reviewed 300 $aTitle from contents screen (ScienceDirect, viewed Oct. 26, 2005). 311 $a0142-694X 531 $aDES STUD 531 $aDESIGN STUD 606 $aArchitectural design$vPeriodicals 606 $aArchitecture$xResearch$vPeriodicals 606 $aDesign$vPeriodicals 606 $aArchitectural design$xPeriodicals 606 $aDesign architectural$xPériodiques 606 $aArchitecture$xRecherche$xPériodiques 606 $aDesign$xPériodiques 606 $aDesign architectural$vPériodiques 606 $aArchitecture$xRecherche$vPériodiques 606 $aDesign$vPériodiques 606 $aArchitectural design$2fast$3(OCoLC)fst00813184 606 $aArchitecture$xResearch$2fast$3(OCoLC)fst00813508 606 $aDesign$2fast$3(OCoLC)fst00891253 608 $aPeriodicals.$2fast 610 $aDesign$aSerials 615 0$aArchitectural design 615 0$aArchitecture$xResearch 615 0$aDesign 615 0$aArchitectural design$xPeriodicals. 615 6$aDesign architectural$xPériodiques. 615 6$aArchitecture$xRecherche$xPériodiques. 615 6$aDesign$xPériodiques. 615 6$aDesign architectural 615 6$aArchitecture$xRecherche 615 6$aDesign 615 7$aArchitectural design. 615 7$aArchitecture$xResearch. 615 7$aDesign. 712 02$aDesign Research Society. 906 $aJOURNAL 912 $a996210658803316 996 $aDesign studies$9797671 997 $aUNISA